The theory of finance /

Bibliographic Details
Main Author: Fama, Eugene F., 1939-
Other Authors: Miller, Merton H.
Format: Book
Language:English
Published: Hinsdale, Ill. : Dryden Press, 1972.
Subjects:

MARC

Tag First Indicator Second Indicator Subfields
LEADER 00000cam a2200000 i 4500
001 in00000463534
005 20151012163604.0
008 750924s1972 ilua 00010 eng d
010 |a  74168400  
035 |a (OCoLC)01652457 
035 |9 ABZ6632AM 
040 |a RRR  |c RRR  |d TXA  |d UtOrBLW 
049 |a TXAM  |c [1572668] 
050 0 0 |a HG173  |b .F34 1972 
100 1 |a Fama, Eugene F.,  |d 1939- 
245 1 4 |a The theory of finance /  |c Eugene F. Fama, Merton H. Miller. 
264 1 |a Hinsdale, Ill. :  |b Dryden Press,  |c 1972. 
300 |a  xvi, 346 pages :  |b illustrations ;  |c 24 cm. 
336 |a text  |b txt  |2 rdacontent 
337 |a unmediated  |b n  |2 rdamedia 
338 |a volume  |b nc  |2 rdacarrier 
504 |a Includes bibliographical references and index. 
650 0 |a Finance. 
700 1 |a Miller, Merton H. 
999 |a MARS 
999 f f |s 7d2f049a-db40-39a1-b89e-57209b921e77  |i 15c7441e-b01f-3742-8c14-e6475b67b85c  |t 0 
952 f f |p ric  |a Texas A&M University  |b Rellis Campus  |c Joint Library Facility  |d Remote Storage  |t 0  |e HG173 .F34 1972  |h Library of Congress classification  |i unmediated -- volume  |m A14822406122 
998 f f |a HG173 .F34 1972  |t 0  |l Remote Storage